[Event "South California-ch"]
[Site "Irvine"]
[Date "1998.??.??"]
[Round "6"]
[White "Altounian, Levon"]
[Black "Peters, John A"]
[Result "1/2-1/2"]
[WhiteElo "2430"]
[BlackElo "2470"]

1.d4 Nf6 2.c4 g6 3.Nc3 Bg7 4.e4 d6 5.Be2 O-O 6.Nf3 e5 7.O-O Nc6 8.dxe5 dxe5
9.Bg5 Qxd1 10.Rfxd1 Bg4 11.Rd3 Nd7 12.h3 Be6 13.Be3 f6 14.Rad1 Rf7 15.Nd5 Rc8
16.b4 b6 17.c5 bxc5 18.bxc5 Nd8 19.Ra3 c6 20.Ba6 Rb8 21.Nc7 Nf8 22.Nxe6 Ndxe6
23.Rd6 Rc7 24.Bc4 Kf7 25.Ra6 Rbc8 26.Ne1 Ke7 27.Nc2 Nd8 28.Nb4 Nd7 29.Kh2 Bf8
30.Rd2 Rb8 31.a3 Ke8 32.Ra5 Ra8 33.Na6 Rcc8 34.Bg8 Nb7 35.Be6 Nxa5 36.Rxd7 Nc4
37.Rxh7 Nxe3 38.fxe3 Be7 39.h4 Rab8 40.Bxc8 Rxc8 41.Rg7 Rd8 42.Rxg6 Kf7 43.Rg3 Rd3
44.h5 Bf8 45.Nb4 Rxa3 46.Nxc6 Ra4 47.Rf3 Rxe4 48.Nxa7 Bxc5 49.Nb5 Rh4+ 50.Rh3 Rxh3+  1/2-1/2

[Event "Jarvenpaa We JarvSK"]
[Site "Jarvanpaa"]
[Date "1998.??.??"]
[Round "5"]
[White "Veingold, Aleksandr"]
[Black "Franssila, Tommi"]
[Result "1-0"]
[WhiteElo "2475"]
[BlackElo "2225"]

1.d4 Nf6 2.Nf3 g6 3.c4 Bg7 4.Nc3 O-O 5.e4 d6 6.Be2 e5 7.O-O Nc6 8.d5 Ne7
9.b4 a5 10.Ba3 Nh5 11.Re1 Nf4 12.Bf1 axb4 13.Bxb4 Bg4 14.Re3 f5 15.h3 Bh5
16.g3 g5 17.exf5 Nxf5 18.g4 Nxe3 19.fxe3 Bg6 20.exf4 gxf4 21.Bd3 c5 22.dxc6 Qb6+
23.Kh1 Qxb4 24.Nd5 Qb2 25.Ne7+ Kh8 26.Bxg6 e4 27.Rb1 Qf6 28.cxb7 Rab8 29.Bxe4 Qxe7
30.Qd5 Rfe8 31.Bd3 Qc7 32.a4 Re7 33.Be4 Bc3 34.Rb3 Ba5 35.Qd4+ Rg7 36.Rb5 Qd8
37.Rh5 Kg8 38.Qd5+  1-0

[Event "Karvina op"]
[Site "Karvina"]
[Date "1998.??.??"]
[Round "?"]
[White "Shtyrenkov, Veniamen"]
[Black "Nedela, Vlastimil"]
[Result "1/2-1/2"]
[WhiteElo "2460"]
[BlackElo "2330"]

1.d4 Nf6 2.c4 g6 3.Nc3 Bg7 4.e4 O-O 5.Nf3 d6 6.Be2 e5 7.O-O Nc6 8.d5 Ne7
9.Ne1 Nd7 10.f3 f5 11.g4 Nf6 12.Nd3 c6 13.Nf2 Kh8 14.Kg2 Qc7 15.h4 Bd7 16.Be3 Rad8
17.Rh1 Rf7 18.Rc1 Qb8 19.Rh2 cxd5 20.cxd5 b5 21.Nh3 Rff8 22.Ng5 b4 23.Nb1 h6
24.Nd2 Nfxd5 25.exd5 hxg5 26.Bxg5 Bf6 27.Bc4 Bxg5 28.hxg5+ Kg7 29.Qe2 Qa8
30.gxf5 gxf5 31.Rh6  1/2-1/2

[Event "Kiev-ch"]
[Site "Kiev"]
[Date "1998.??.??"]
[Round "9"]
[White "Malakhatko, Vadim"]
[Black "Shishkin, Vadim"]
[Result "1-0"]
[WhiteElo "2410"]
[BlackElo "2415"]

1.Nf3 Nf6 2.c4 g6 3.Nc3 Bg7 4.e4 d6 5.d4 O-O 6.Be2 e5 7.O-O Nc6 8.d5 Ne7
9.b4 Nh5 10.Re1 Nf4 11.Bf1 a5 12.bxa5 Rxa5 13.a4 c5 14.Nb5 Ra6 15.Ra3 Kh8
16.h3 Ng8 17.Kh2 g5 18.Ng1 f5 19.exf5 Bxf5 20.g3 Ng6 21.f3 h5 22.Bd3 Nh6
23.Be4 h4 24.g4 Bxe4 25.fxe4 Nf4 26.Nf3 Nf7 27.Nd2 Kg8 28.Nf1 Nh8 29.Ne3 Nhg6
30.Nf5 Qd7 31.Qc2 Rfa8 32.Bd2 Bf6 33.Rea1 Bd8 34.Be1 Nh8 35.Bd2 Nf7 36.Qb2 Ng6
37.a5 Kh7 38.R3a2 Kg8 39.Ra3 Kh7 40.R1a2 Kg8 41.Qa1 Kh7 42.Kh1 Kg8 43.Rf3 Qe8
44.Rfa3 Qd7 45.Nc3 Qc8 46.Ne2 Qd7 47.Ng1 b6 48.axb6 Rxa3 49.Rxa3 Rxa3 50.Qxa3 Bxb6
51.Nf3 Bd8 52.Qa6 Ne7 53.Qa8  1-0

[Event "Klatovy op-A"]
[Site "Klatovy"]
[Date "1998.??.??"]
[Round "?"]
[White "Lechtynsky, Jiri"]
[Black "Tomes, Zdenek"]
[Result "1/2-1/2"]
[WhiteElo "2405"]
[BlackElo "2045"]

1.Nf3 Nf6 2.c4 d6 3.d4 g6 4.Nc3 Bg7 5.e4 O-O 6.Be2 e5 7.O-O Nc6 8.d5 Ne7
9.Bd2 Nd7 10.b4 f5 11.Ne1 Nf6 12.f3 f4 13.Nd3 g5 14.c5 Ng6 15.a4 h5 16.h3 g4
17.fxg4 hxg4 18.hxg4 Rf7 19.Nf2 Bf8 20.cxd6 cxd6 21.Rc1 Rg7 22.Nb5 Nh8 23.a5 a6
24.Na3 Nf7 25.Nc4 Nh6 26.Nb6 Rb8 27.Nxc8 Rxc8 28.Rxc8 Qxc8 29.Qb3 Nhxg4 30.Qh3 Qd7
31.Nxg4 Nxg4 32.Rc1 Nf6 33.Qxd7 Rxd7 34.Bf3 Kf7 35.Be1 Be7 36.Bf2 Bd8 37.Rc8 Ke7
38.Bh4 Kf7 39.Kf1 Be7 40.Bxf6 Kxf6 41.Bg4 Rd8 42.Be6 b6 43.axb6 Rxc8 44.Bxc8 Bd8
45.b7 Bc7 46.Bg4 Ke7 47.Be2 Kd8 48.Bxa6 Bb8 49.Bb5 Kc7 50.Bc6 Ba7 51.Ke2 Bd4
52.Kd3 Ba7 53.Kc3 Kb6 54.Kb3 Bb8 55.Kc3 Ba7 56.Kc4 Bb8 57.Kd3 Ba7 58.Ke2 Kc7
59.Kf3 Bd4 60.Kg4 Bc3 61.b5 Bb4 62.Kf5 Bc5 63.Ke6 Bb4 64.b6+ Kb8  1/2-1/2

[Event "Klatovy op-B"]
[Site "Klatovy"]
[Date "1998.??.??"]
[Round "?"]
[White "Kuta, M."]
[Black "Pech, B."]
[Result "1/2-1/2"]
[WhiteElo "1805"]
[BlackElo "1750"]

1.d4 Nf6 2.c4 g6 3.Nc3 Bg7 4.e4 d6 5.Nf3 O-O 6.Be2 Nc6 7.O-O e5 8.d5 Nb8
9.Bg5 Bg4 10.h3 Bd7 11.b4 Qc8 12.Kh2 Ne8 13.Be7 f5 14.Bxf8 Kxf8 15.Bd3 f4
16.Ng1 Nf6 17.Rc1 Na6 18.a3 g5 19.f3 g4 20.fxg4 Bxg4 21.Be2 h5 22.hxg4 hxg4
23.Kh1 Kf7 24.Bxg4 Nxg4 25.Qf3 Qd7 26.Nh3 Bf6 27.Nd1 Rh8 28.Nf2 Ne3 29.Rg1 Bh4
30.Rge1 Bxf2 31.Qxf2 Rxh3+ 32.gxh3 Qxh3+ 33.Qh2 Qf3+ 34.Kg1 Qxe4 35.Qh5+  1/2-1/2

[Event "Klatovy op-B"]
[Site "Klatovy"]
[Date "1998.??.??"]
[Round "?"]
[White "Soucha, Stepan"]
[Black "Novotny, R."]
[Result "0-1"]
[WhiteElo "1800"]
[BlackElo "1890"]

1.d4 Nf6 2.c4 g6 3.Nc3 Bg7 4.e4 d6 5.Be2 O-O 6.Nf3 e5 7.O-O Nc6 8.d5 Ne7
9.Ne1 Ne8 10.Bd2 f5 11.Nd3 Nf6 12.f3 f4 13.c5 g5 14.cxd6 cxd6 15.Nf2 h5 16.h3 Rf7
17.a4 Bf8 18.Nb5 Ng6 19.Qc2 Rg7 20.Rfc1 Ne8 21.Ra3 Nh4 22.Rc3 Bd7 23.Nc7 Rc8
24.Ne6 Bxe6 25.Rxc8 Bxc8 26.Qxc8 Qxc8 27.Rxc8 Rc7 28.Rxe8 Rc2 29.Bb4 Rxe2
30.Bxd6 Re1+ 31.Kh2 Re2 32.Rxf8+ Kg7 33.Rb8 Rxf2 34.Bxe5+ Kg6 35.Kg1 Rxg2+
36.Kf1 Rd2 37.Bc3 Rd3 38.Ke2 Re3+ 39.Kd1 Rxf3 40.Rxb7 Rxh3 41.Rg7+ Kh6 42.Rf7 Re3
43.Rf6+ Ng6 44.d6 g4 45.e5 g3 46.d7 Rd3+ 47.Ke2 Rxd7 48.e6 Rb7 49.Kf3 Kg5
50.Rf7 Rxf7 51.exf7 h4 52.Bg7 h3 53.f8=Q Nxf8 54.Bxf8 h2 55.Kg2 Kg4 56.Bc5 f3+
57.Kh1 Kh3  0-1

[Event "Klatovy op-A"]
[Site "Klatovy"]
[Date "1998.??.??"]
[Round "?"]
[White "Rozmbersky, David"]
[Black "Hitzgerova, Gabriela"]
[Result "1/2-1/2"]
[WhiteElo "2090"]
[BlackElo "2185"]

1.d4 Nf6 2.c4 g6 3.Nc3 Bg7 4.e4 d6 5.Nf3 O-O 6.Be2 e5 7.O-O Nc6 8.d5 Ne7
9.Ne1 Nd7 10.Be3 f5 11.f3 f4 12.Bf2 g5 13.Rc1 Nf6 14.c5 Rf7 15.cxd6 cxd6
16.Nb5 Ng6 17.Qc2 Ne8 18.Nxa7 Bd7 19.Qb3 h5 20.Qb6 Qb8 21.Rc3 Bf6 22.Ra3 Bd8
23.Qb4 g4 24.Nb5 Rxa3 25.Qxa3 g3 26.Ba7 gxh2+ 27.Kh1 Qa8 28.Bc5 Qxa3 29.Bxa3 Rf6
30.Bb4 Bb6 31.Kxh2 Nh4 32.a4 Rg6 33.a5 Be3 34.Na3 Rg3 35.Bb5 Bc8 36.Nc4 Bd4
37.Bc3 Bc5 38.b4 Ba7 39.Bxe8 Nxg2 40.Nb6 Bxb6 41.axb6 Ne3 42.Rf2 Rh3+ 43.Kg1 Rg3+
44.Kh1 Nd1 45.Ra2 Rh3+  1/2-1/2

[Event "Klatovy op-A"]
[Site "Klatovy"]
[Date "1998.??.??"]
[Round "?"]
[White "Hrbolka, Ladislav"]
[Black "Tomes, Zdenek"]
[Result "1/2-1/2"]
[WhiteElo "2130"]
[BlackElo "2045"]

1.d4 Nf6 2.Nf3 g6 3.c4 d6 4.Nc3 Bg7 5.e4 O-O 6.Be2 e5 7.O-O Nc6 8.d5 Ne7
9.Ne1 Nd7 10.f3 f5 11.g4 fxg4 12.fxg4 Rxf1+ 13.Kxf1 g5 14.Bxg5 Qf8+ 15.Kg1 Ng6
16.Nd3 Nf4 17.Kh1 Nh3 18.Be3 Qe7 19.Qf1 Qh4 20.Qe1 Qxe1+ 21.Rxe1 Nf6 22.g5 Ng4
23.Bxg4 Bxg4 24.Kg2 a6 25.Kg3 Bd7 26.Rf1 Rf8 27.Rxf8+ Bxf8 28.b4 Be7 29.c5 Bxg5  1/2-1/2

[Event "Klatovy op-A"]
[Site "Klatovy"]
[Date "1998.??.??"]
[Round "?"]
[White "Baumruk, Josef"]
[Black "Cedikova, Katerina"]
[Result "0-1"]
[WhiteElo "1920"]
[BlackElo "2135"]

1.c4 Nf6 2.Nc3 g6 3.e4 d6 4.Nf3 Bg7 5.Be2 O-O 6.O-O e5 7.d4 Nc6 8.dxe5 dxe5
9.Qxd8 Rxd8 10.Bg5 Re8 11.Rfd1 Bg4 12.Nd2 Bxe2 13.Nxe2 Nd7 14.Nb3 Nf8 15.Nc5 h6
16.Be3 b6 17.Na6 Ne6 18.Rd7 Rac8 19.Rad1 Ncd4 20.Nc3 Red8 21.Rxd8+ Rxd8 22.Kf1 c5
23.f3 f5 24.Bf2 Kf7 25.h3 f4 26.Rd2 g5 27.Nd5 Rc8 28.Ke1 h5 29.Kd1 g4 30.hxg4 hxg4
31.Bxd4 cxd4 32.b3 gxf3 33.gxf3 Rh8 34.Nac7 Rh1+ 35.Ke2 Ng5 36.Nb5 Rh2+ 37.Kd3 Rxd2+
38.Kxd2 Nxf3+ 39.Ke2 Ng5 40.Nxa7 Nxe4 41.Nb5 Bh6 42.a4 Ng3+ 43.Kf2 d3 44.Ndc3 d2
45.Nd1 e4 46.Nbc3 Bg7 47.Ne2 Nh1+ 48.Kf1 f3 49.Ng1 Bd4  0-1

[Event "RUS-ch U18 Girls"]
[Site "Kolontaevo"]
[Date "1998.??.??"]
[Round "?"]
[White "Ovod, Evgenija"]
[Black "Cherkasova, Eugenia"]
[Result "1/2-1/2"]
[WhiteElo "2375"]
[BlackElo "2135"]

1.d4 Nf6 2.c4 g6 3.Nc3 Bg7 4.e4 d6 5.Nf3 O-O 6.Be2 e5 7.O-O Nc6 8.d5 Ne7
9.Ne1 Nd7 10.Be3 f5 11.f3 f4 12.Bf2 g5 13.a4 h5 14.a5 Ng6 15.c5 Nf6 16.cxd6 cxd6
17.Nb5 g4 18.Bxa7 g3 19.Bb6 gxh2+ 20.Kh1 Qe7 21.Nc7 Rb8 22.Ba7 Qxc7 23.Rc1 Qe7
24.Bxb8 Nd7 25.Ba7 Qg5 26.Rf2 h4 27.Bf1 Nf6 28.Rfc2 Nh5 29.Nd3 Bd7 30.Nf2 h3
31.Nxh3 Ng3+ 32.Kxh2 Qh5 33.Rc7 Nxf1+ 34.Qxf1 Bxh3 35.gxh3 Nh4 36.R1c3 Rf6
37.Rxb7 Rg6 38.Rb8+ Kh7 39.Bf2 Nxf3+ 40.Rxf3 Qxf3 41.a6 Bf6 42.a7 Bh4 43.a8=Q Bg3+
44.Bxg3 fxg3+ 45.Kg1 Qe3+ 46.Kh1 g2+ 47.Qxg2 Qe1+ 48.Kh2 Rxg2+ 49.Kxg2 Qe2+
50.Kg3 Qe3+  1/2-1/2

[Event "Korinthos op"]
[Site "Korinthos"]
[Date "1998.??.??"]
[Round "2"]
[White "Kolbus, Dietmar"]
[Black "Papathanasiou, Panayotis"]
[Result "1-0"]
[WhiteElo "2320"]
[BlackElo "2155"]

1.c4 g6 2.d4 Nf6 3.Nc3 Bg7 4.e4 d6 5.Be2 O-O 6.Nf3 e5 7.O-O Nc6 8.d5 Ne7
9.Nd2 a5 10.a3 Nd7 11.Rb1 f5 12.b4 axb4 13.axb4 Nf6 14.f3 f4 15.c5 g5 16.Nc4 Ne8
17.Qb3 Kh8 18.Bd2 Rg8 19.Ra1 Rxa1 20.Rxa1 Bf8 21.Ra8 Ng6 22.c6 b6 23.Nb5 Nf6
24.Na7 Ne7 25.Na3 g4 26.Nxc8 Nxc8 27.Ba6 gxf3 28.Qxf3 Qe8 29.Rxc8 Qg6 30.Bd3  1-0

[Event "Korinthos op"]
[Site "Korinthos"]
[Date "1998.??.??"]
[Round "9"]
[White "Miladinovic, Igor"]
[Black "Hillarp Persson, Tiger"]
[Result "1/2-1/2"]
[WhiteElo "2565"]
[BlackElo "2410"]

1.d4 Nf6 2.c4 g6 3.Nc3 Bg7 4.Nf3 O-O 5.e4 d6 6.Be2 e5 7.O-O Nc6 8.d5 Ne7
9.Ne1 Ne8 10.f3 f5 11.g4  1/2-1/2

[Event "RUS-ch sf"]
[Site "Krasnodar"]
[Date "1998.??.??"]
[Round "?"]
[White "Averkin, Orest N"]
[Black "Zakharstov, Viacheslav V"]
[Result "0-1"]
[WhiteElo "2430"]
[BlackElo "2450"]

1.Nf3 Nf6 2.c4 g6 3.Nc3 Bg7 4.e4 d6 5.d4 O-O 6.Be2 e5 7.O-O Nc6 8.d5 Ne7
9.b4 Nh5 10.Re1 f5 11.Ng5 Nf6 12.Bf3 c6 13.Bb2 h6 14.Ne6 Bxe6 15.dxe6 fxe4
16.Bxe4 Nxe4 17.Nxe4 Nf5 18.Qg4 Kh7 19.Rad1 Qe7 20.Rd3 Rae8 21.Rh3 d5 22.cxd5 cxd5
23.Nc5 e4 24.Bxg7 Kxg7 25.Qd1 Rf6 26.Qxd5 b6 27.Na6 Rxe6 28.Rc3 Rd8 29.Qc4 Rd7
30.h3 h5 31.a3 e3 32.fxe3 Nxe3 33.Qe2 Ng4  0-1

[Event "RUS-Cup"]
[Site "Krasnodar"]
[Date "1998.??.??"]
[Round "4"]
[White "Averkin, Orest N"]
[Black "Fedorov, Alexei"]
[Result "1/2-1/2"]
[WhiteElo "2430"]
[BlackElo "2595"]

1.d4 Nf6 2.Nf3 g6 3.c4 Bg7 4.Nc3 d6 5.e4 O-O 6.Be2 e5 7.O-O Nc6 8.d5 Ne7
9.b4 Nh5 10.Re1 a5 11.bxa5 Rxa5 12.a4 c5 13.Ra3 Ra6 14.Bf1 Kh8 15.Nb5 Nf6
16.g3 Neg8 17.Nh4 Ng4 18.Bg2 f5 19.exf5 gxf5 20.Bh3 N4h6 21.f4 e4 22.Qe2 Nf6
23.Bb2 Rg8 24.Ng2 Nhg4 25.Bxg4 Nxg4 26.Bxg7+ Rxg7 27.Qb2 Kg8 28.h3 Nf6 29.Kh2 Kf7
30.Rg1 Ne8 31.Ne3 h5 32.Qc3 Nf6 33.Ng2 Ne8 34.Rb1 Qf6 35.Qxf6+ Kxf6 36.a5 Ke7
37.Nc3 Nc7 38.Ne3 Rh7 39.Kg2  1/2-1/2

[Event "RUS-Cup"]
[Site "Krasnoiarsk"]
[Date "1998.??.??"]
[Round "4"]
[White "Kiriakov, Petr"]
[Black "Shramov, IV."]
[Result "1-0"]
[WhiteElo "2495"]
[BlackElo "2390"]

1.d4 Nf6 2.Nf3 g6 3.c4 Bg7 4.Nc3 O-O 5.e4 d6 6.Be2 e5 7.O-O Nc6 8.d5 Ne7
9.Ne1 Nd7 10.Be3 f5 11.f3 f4 12.Bf2 g5 13.a4 Nf6 14.c5 Ng6 15.a5 Qe7 16.cxd6 cxd6
17.Kh1 h5 18.Rc1 Bd7 19.Nb5 Bxb5 20.Bxb5 g4 21.Qc2 g3 22.Bg1 gxh2 23.Bf2 Rf7
24.a6 bxa6 25.Bxa6 Bf8 26.Bc8 Rg7 27.Be6+ Kh8 28.Ra1 Qb7 29.Nd3 Rc7 30.Qa4 Nh7
31.Rfc1 Ng5 32.Rxc7 Qxc7 33.Rc1 Qb7 34.Bf5 Ne7 35.Qd7 Qxd7 36.Bxd7 a6 37.Kxh2 Kg7
38.Rc7 Rb8 39.b4 Nh7 40.Ra7 Nf6 41.Be6 Ne8 42.Bh4 Nf6 43.Rxa6 Rb7 44.Ra8 Ng6
45.Bf2 Be7 46.Bc8 Rc7 47.b5 Rc3 48.b6 Bd8 49.b7 Bc7 50.Bb6  1-0

[Event "RUS-Cup"]
[Site "Krasnoiarsk"]
[Date "1998.??.??"]
[Round "7"]
[White "Prokopchuk, Evgeny"]
[Black "Chigvintsev, Andrei"]
[Result "1-0"]
[WhiteElo "2500"]
[BlackElo "2395"]

1.Nf3 Nf6 2.c4 g6 3.Nc3 Bg7 4.e4 d6 5.d4 O-O 6.Be2 e5 7.O-O Nc6 8.d5 Ne7
9.b4 Nh5 10.Re1 Nf4 11.Bf1 Bg4 12.h3 Bd7 13.c5 f5 14.Bxf4 fxe4 15.Nxe4 Rxf4
16.cxd6 cxd6 17.Nxd6 Rxb4 18.Nxe5 Ba4 19.Nxb7 Qc7 20.Qd3 Qxb7 21.d6 Nf5 22.Rab1 a5
23.Rxb4 axb4 24.g4 Bxe5 25.Bg2 Qa7 26.Qd5+ Kf8 27.Qxe5 Ng7 28.Qf6+ Kg8  1-0

[Event "Le Touquet op"]
[Site "Le Touquet"]
[Date "1998.??.??"]
[Round "6"]
[White "Barsov, Alexei"]
[Black "Relange, Eloi"]
[Result "0-1"]
[WhiteElo "2465"]
[BlackElo "2490"]

1.d4 Nf6 2.c4 g6 3.Nc3 Bg7 4.e4 d6 5.Nf3 O-O 6.Be2 e5 7.O-O Nc6 8.d5 Ne7
9.Ne1 Nd7 10.Nd3 f5 11.Bd2 Nf6 12.f3 f4 13.c5 h5 14.Rc1 g5 15.Nb5 Ne8 16.Bb4 Ng6
17.Qc2 g4 18.cxd6 cxd6 19.Nc7 Nxc7 20.Qxc7 Qh4 21.Qxd6 g3 22.h3 Kh7 23.Rxc8 Rfxc8
24.Bc3 Re8 25.Rd1 Kh6 26.Rd2 Bf8 27.Qc7 Qe7 28.Qxe7 Bxe7 29.Kf1 Bd6 30.Bd1 Rec8
31.Ba4 Rc7 32.Ba5 Re7 33.Rc2 Nf8 34.Rc4 Kg6 35.Ke2 Kf6 36.Bc3 Ng6 37.Nc5 Rc7
38.b4 Ke7 39.Kd3 Rac8 40.Bb5 a6  0-1

[Event "VfB op 5th"]
[Site "Leipzig"]
[Date "1998.??.??"]
[Round "5"]
[White "Thielsch, Norman"]
[Black "Schwarz, Arnd Ruediger"]
[Result "1/2-1/2"]
[WhiteElo "2245"]
[BlackElo "2140"]

1.d4 Nf6 2.c4 g6 3.Nc3 Bg7 4.e4 d6 5.Nf3 O-O 6.Be2 e5 7.O-O Nc6 8.d5 Ne7
9.Ne1 Nd7 10.Be3 f5 11.f3 f4 12.Bf2 g5 13.b4 Ng6 14.c5 Nf6 15.cxd6 cxd6 16.Rc1 Rf7
17.a4 Bf8 18.a5 Bd7 19.Bb5 Bc8 20.Be2 Bd7  1/2-1/2

[Event "BEL-ch"]
[Site "Liege"]
[Date "1998.??.??"]
[Round "6"]
[White "Mohandesi, Shahin"]
[Black "Meessen, Rudolf"]
[Result "0-1"]
[WhiteElo "2285"]
[BlackElo "2310"]

1.d4 Nf6 2.Nf3 g6 3.c4 Bg7 4.Nc3 d6 5.e4 O-O 6.Be2 e5 7.O-O Nc6 8.d5 Ne7
9.Ne1 Nd7 10.Nd3 f5 11.Bd2 Nf6 12.f3 f4 13.g4 g5 14.Be1 h5 15.h3 Kf7 16.c5 Rh8
17.Kg2 Rh6 18.Bf2 Qh8 19.Rh1 a6 20.Qb3 Ng6 21.cxd6 cxd6 22.Rac1 Rb8 23.Qb6 Nd7
24.Qc7 b5 25.Nb1 Bf6 26.Qxd6 Be7 27.Qc7 Bd6 28.Qa5 Qh7 29.Rc6 hxg4 30.fxg4 Ne7
31.Rxd6 Rxd6 32.Bf3 Nxd5 33.exd5 e4 34.Ne5+ Nxe5 35.Qc7+ Bd7 36.Bd1 f3+ 37.Kg1 Nc4
38.Qxb8 e3 39.Bxe3 Qxb1 40.Kf2 Qxb2+  0-1

[Event "SLO-ch"]
[Site "Maribor"]
[Date "1998.??.??"]
[Round "5"]
[White "Tratar, Marko"]
[Black "Sermek, Drazen"]
[Result "1/2-1/2"]
[WhiteElo "2420"]
[BlackElo "2510"]

1.d4 Nf6 2.c4 g6 3.Nc3 Bg7 4.e4 O-O 5.Nf3 d6 6.Be2 e5 7.O-O Nc6 8.d5 Ne7
9.Nd2 Ne8 10.b4 f5 11.c5  1/2-1/2

[Event "FRA-chB"]
[Site "Meribel"]
[Date "1998.??.??"]
[Round "2"]
[White "Godard, Maxence"]
[Black "Lamorelle, Yves"]
[Result "1-0"]
[WhiteElo "2265"]
[BlackElo "2225"]

1.d4 Nf6 2.c4 g6 3.Nc3 Bg7 4.e4 O-O 5.Nf3 d6 6.Be2 e5 7.O-O Nc6 8.d5 Ne7
9.b4 Nh5 10.Re1 Nf4 11.Bf1 h6 12.Be3 g5 13.Rc1 Neg6 14.c5 Bg4 15.h3 Bc8 16.Nd2 Bf6
17.cxd6 cxd6 18.Nb5 h5 19.Nc7 Rb8 20.Bxa7 Bd7 21.Bxb8 Qxb8 22.b5 Kg7 23.b6 g4
24.Nc4 gxh3 25.g3 Ng2 26.Bxg2 hxg2 27.Nxd6 Ne7 28.Qxh5 Ng6 29.Nf5+  1-0

[Event "Miercurea Ciuc op"]
[Site "Miercurea Ciuc"]
[Date "1998.??.??"]
[Round "6"]
[White "Bromberger, Stefan"]
[Black "Moldovan, Zamfir"]
[Result "1/2-1/2"]
[WhiteElo "2320"]
[BlackElo "2150"]

1.Nf3 Nf6 2.c4 g6 3.Nc3 Bg7 4.e4 d6 5.d4 O-O 6.Be2 Nc6 7.O-O e5 8.d5 Ne7
9.b4 a5 10.Ba3 Ne8 11.bxa5 Rxa5 12.Bb4 Ra8 13.c5 f5 14.Ng5 Kh8 15.Ne6 Bxe6
16.dxe6 Rf6 17.Bc4 Nc6 18.Rb1 Nxb4 19.Rxb4 dxc5 20.Qxd8 Rxd8 21.Rxb7 Nd6
22.e7 Rc8 23.Bd5 Nxb7 24.Bxb7 Re8 25.a4 Rb6 26.Rb1 Rxb1+ 27.Nxb1 Rxe7 28.Nc3 c6
29.Bxc6 Rc7 30.Bd5 c4 31.Kf1 Bf8 32.Ke2 Bb4 33.Kd2 Kg7 34.Kc2 Bc5 35.f3 Bg1
36.h3 Bb6 37.Nb5 Rc5 38.Nd6 c3 39.Nc4 Bc7 40.Kxc3 Bb8 41.Kb4 Rc8 42.Kb5 Kf6
43.h4 f4 44.Kb6 Rc7 45.a5 Rg7 46.a6 Ba7+ 47.Kc6 Bf2 48.Kd6 Ba7 49.Na5 Bb8+
50.Kc5 Ba7+ 51.Kb5 g5 52.h5 g4 53.Bb7 gxf3 54.gxf3 Rg3 55.Nc6 Bg1 56.Nb8 Rxf3
57.Nd7+ Kg5 58.Nxe5 Rg3 59.Nc4 Kxh5 60.e5 Kg5 61.Nd2 Ba7 62.Ne4+ Kf5 63.Nxg3+ fxg3
64.Kc4 Kxe5 65.Kd3 h5 66.Ke2 Kf4 67.Kf1 h4 68.Kg2 Ke3 69.Kh3  1/2-1/2

[Event "Miskolc Avas op"]
[Site "Miskolc"]
[Date "1998.??.??"]
[Round "4"]
[White "Pasztor, Ferenc"]
[Black "Benedek, Zoltan"]
[Result "0-1"]
[WhiteElo "2265"]
[BlackElo "2100"]

1.d4 Nf6 2.Nf3 g6 3.c4 Bg7 4.Nc3 d6 5.e4 O-O 6.Be2 e5 7.O-O Nc6 8.dxe5 Nxe5
9.Nd4 Re8 10.Bg5 Nc6 11.Nxc6 bxc6 12.Qc2 Qd7 13.Rad1 Qe6 14.Rfe1 Bd7 15.Bh4 Rab8
16.b3 Ng4 17.Bg3 Qf6 18.Rd3 Ne5 19.Bxe5 Qxe5 20.Bf3 f5 21.Re2 f4 22.Nb1 g5
23.Bh5 Re7 24.h3 Be8 25.Bxe8 Rbxe8 26.Nd2 h5 27.c5 Qa1+ 28.Kh2 d5 29.f3 g4
30.hxg4 hxg4 31.fxg4 Bd4  0-1

[Event "Montpellier opA"]
[Site "Montpellier"]
[Date "1998.??.??"]
[Round "6"]
[White "Qvortrup, Jon"]
[Black "Colovic, Aleksandar"]
[Result "1/2-1/2"]
[WhiteElo "2235"]
[BlackElo "2400"]

1.d4 Nf6 2.c4 g6 3.Nc3 Bg7 4.e4 O-O 5.Nf3 d6 6.Be2 e5 7.O-O Nc6 8.d5 Ne7
9.b4 Nh5 10.c5 Nf4 11.Bxf4 exf4 12.Rc1 Kh8 13.Qd2 Bh6 14.Rfd1 Ng8 15.Qd4+ Bg7
16.Qc4 Bg4 17.Nd4 h5 18.f3 Bc8 19.a4 Be5 20.a5 Qg5 21.Kh1 Nf6 22.Ncb5 Ne8
23.cxd6 Nxd6 24.Nxd6 cxd6 25.Qc7 Qf6 26.Nb3 Rd8 27.a6 bxa6 28.Na5 Rd7 29.Qc6 Rb8
30.Bxa6 Rd8 31.Bxc8 Rdxc8 32.Qxc8+ Rxc8 33.Rxc8+ Kg7 34.Nc6 Bc3 35.b5 Qh4
36.Nxa7 Be1 37.Rcc1 Bg3 38.h3 g5 39.Nc8 g4 40.Nxd6 Qg5 41.Nf5+ Kh7 42.Rc7 Qf6
43.Rc6 Qb2 44.Rdc1 Kg8 45.hxg4 hxg4 46.Nh6+ Kg7 47.Nxg4 Qxb5 48.Rc7 Qb2 49.e5 Kg6
50.R1c6+ Kg5 51.Rc1 Kg6 52.R7c6+ Kg5 53.Rd1 Qe2 54.Rcc1 Bf2 55.d6 Bb6 56.d7 Bd8
57.Rd5 Qb2 58.Rcd1 Qe2 59.e6+ f5 60.Ne5 Kh4 61.e7 Bxe7 62.Ng6+ Kg3 63.R5d2 Qe6
64.Nxe7 Qxe7 65.d8=Q Qe1+  1/2-1/2

[Event "Moscow-ch op"]
[Site "Moscow"]
[Date "1998.??.??"]
[Round "1"]
[White "Gagarin, Vasilij"]
[Black "Evelev, Vladimir M"]
[Result "0-1"]
[WhiteElo "2415"]
[BlackElo "2220"]

1.d4 Nf6 2.Nf3 g6 3.c4 Bg7 4.Nc3 O-O 5.e4 d6 6.Be2 e5 7.O-O Nc6 8.d5 Ne7
9.Nd2 c5 10.dxc6 bxc6 11.Nb3 d5 12.cxd5 cxd5 13.exd5 Nexd5 14.Nxd5 Nxd5 15.Bf3 Bb7
16.Qd2 Rb8 17.Rd1 Nb6 18.Bxb7 Qxd2 19.Bxd2 Rxb7 20.Bb4 Rc8 21.Rac1 Rxc1 22.Rxc1 Rb8
23.Na5 Nd5 24.Bd6 Rd8 25.Nb7 Re8 26.Rc5 Nb4 27.Ra5 Nd3 28.Nc5 e4 29.Nb3 Nxb2
30.Bc5 Rd8 31.Kf1 Bc3 32.Ke2 Rd1 33.f3 Re1+ 34.Kf2 Nd3+ 35.Kg3 Bxa5  0-1

[Event "Moscow-ch op"]
[Site "Moscow"]
[Date "1998.??.??"]
[Round "5"]
[White "Ulko, Jaroslav"]
[Black "Cherniak, Anton S"]
[Result "1-0"]
[WhiteElo "2420"]
[BlackElo "2285"]

1.d4 Nf6 2.c4 g6 3.Nc3 Bg7 4.e4 O-O 5.Nf3 d6 6.Be2 e5 7.O-O Nc6 8.d5 Ne7
9.b4 Ne8 10.c5 f5 11.Ba3 Kh8 12.b5 dxc5 13.Bxc5 b6 14.Bb4 Nd6 15.Nd2 Bb7
16.f3 Rf7 17.a4 Qd7 18.a5 Re8 19.Nc4 Nxc4 20.Bxc4 Rf6 21.Na4 Qd8 22.Nb2 Ng8
23.Nd3 f4 24.Bc3 Rf7 25.axb6 axb6 26.Ra7 Qb8 27.Qa1 Rfe7 28.Rf2 Nh6 29.Rfa2 Nf7
30.Nb4 Rd7 31.Nc6 Qc8 32.Bf1 h6 33.g3 Ng5 34.Bg2 Bxc6 35.bxc6 Rdd8 36.gxf4 Nh3+
37.Bxh3 Qxh3 38.Qf1 Qh4 39.fxe5 Bxe5 40.Bxe5+ Rxe5 41.Rxc7  1-0

[Event "RUS-Cup02"]
[Site "Moscow"]
[Date "1998.??.??"]
[Round "5"]
[White "Abashev, Denis"]
[Black "Korobov, Anton"]
[Result "1-0"]
[WhiteElo "2365"]
[BlackElo "2165"]

1.Nf3 Nf6 2.c4 g6 3.Nc3 Bg7 4.e4 d6 5.d4 O-O 6.Be2 e5 7.O-O Nc6 8.d5 Ne7
9.b4 a5 10.Ba3 axb4 11.Bxb4 Nd7 12.Nd2 f5 13.Bd3 f4 14.Na4 b6 15.Nc3 g5 16.a4 Ng6
17.a5 bxa5 18.Bxa5 Nf6 19.c5 g4 20.cxd6 Rxa5 21.Rxa5 cxd6 22.Ra8 Qe7 23.Nb5 Bd7
24.Ra6 f3 25.g3 Ne8 26.Ra7 Qd8 27.Qc2 h5 28.Nc7 h4 29.Nxe8 Bxe8 30.Qc7 Qf6
31.Rfa1 hxg3 32.hxg3 Bf7 33.Nc4 Nf4 34.Bf1 Qh6 35.Ne3 Qh7 36.Qd7 Qxe4 37.gxf4 g3
38.Qg4 gxf2+ 39.Kxf2 Qxf4 40.Qg3 Qd4 41.R1a2 e4 42.R7a4 Qc5 43.Rc2 Qb6 44.Rxe4  1-0

[Event "RUS-Cup02"]
[Site "Moscow"]
[Date "1998.??.??"]
[Round "7"]
[White "Popov, Valerij"]
[Black "Ulko, Jaroslav"]
[Result "1-0"]
[WhiteElo "2505"]
[BlackElo "2420"]

1.Nf3 Nf6 2.c4 g6 3.Nc3 Bg7 4.e4 d6 5.d4 O-O 6.Be2 e5 7.O-O Nc6 8.d5 Ne7
9.b4 Nh5 10.Re1 a5 11.bxa5 c5 12.Nd2 Nf4 13.Bf1 Rxa5 14.Rb1 Ra6 15.g3 Nh3+
16.Bxh3 Bxh3 17.Rxb7 Nc8 18.Qb3 Qf6 19.Nb5 Bh6 20.a3 Qd8 21.Nf3 Bxc1 22.Rxc1 f5
23.exf5 Rb6 24.Rxb6 Nxb6 25.Na7 Rxf5 26.Nd2 Nd7 27.Nc6 Qf8 28.Qe3 Rf7 29.Rb1 Bf5
30.Rb7 Qa8 31.Ra7 Qe8 32.Rb7 Bc2 33.a4 Bxa4 34.Ne4 Qf8  1-0

[Event "RUS-Cup02"]
[Site "Moscow"]
[Date "1998.??.??"]
[Round "7"]
[White "Gagarin, Vasilij"]
[Black "Evelev, Vladimir M"]
[Result "1/2-1/2"]
[WhiteElo "2415"]
[BlackElo "2220"]

1.d4 Nf6 2.c4 g6 3.Nc3 Bg7 4.e4 O-O 5.Nf3 d6 6.Be2 e5 7.O-O Nc6 8.d5 Ne7
9.Nd2 c5 10.dxc6 bxc6 11.Nb3 h6 12.f4 Kh7 13.Kh1 exf4 14.Bxf4 d5 15.exd5 cxd5
16.Bf3 Be6 17.Be5 Rc8 18.cxd5 Nexd5 19.Nxd5 Nxd5 20.Bxg7 Kxg7 21.Qd4+ Qf6
22.Qxa7 Qxb2 23.Qd4+ Qxd4 24.Nxd4 Rc4 25.Nxe6+ fxe6 26.Rfe1 Ra8 27.h3 Kf6
28.Rad1 Rc5 29.Rd2 Ra3 30.Rf2 Ke7 31.Bg4 Ne3 32.Bf3 Rc2 33.Rfe2 Rxe2 34.Rxe2 Kd6
35.Kg1 e5 36.Be4 g5 37.Bg6 Ke6 38.Bh7 Nf5 39.Bg8+ Kf6 40.Rb2 Nd4 41.Bd5 g4
42.hxg4 Kg5 43.Rb6 Ra5 44.Bf7 Ra7 45.Bg8 Ra8 46.Bd5 Ra5 47.Bb3 Nxb3 48.axb3 Ra2
49.Kh2 Kxg4 50.Rxh6 Rb2 51.Rb6 e4 52.b4  1/2-1/2

[Event "Moscow-ch op"]
[Site "Moscow"]
[Date "1998.??.??"]
[Round "8"]
[White "Mitenkov, Alexey"]
[Black "Zaitsev, Igor A"]
[Result "1-0"]
[WhiteElo "2435"]
[BlackElo "2485"]

1.d4 Nf6 2.c4 d6 3.Nc3 g6 4.e4 Bg7 5.Be2 O-O 6.Nf3 e5 7.O-O Nc6 8.dxe5 dxe5
9.Bg5 Qxd1 10.Rfxd1 Bg4 11.h3 Bxf3 12.Bxf3 Nd4 13.Nd5 Nxd5 14.cxd5 f5 15.Rac1 Rf7
16.Kf1 f4 17.Bg4 Re8 18.Rxd4 exd4 19.Be6 Be5 20.Ke2 Kg7 21.Bxf7 Kxf7 22.Kd3 Rc8
23.Rc5 Ke8 24.f3 Kd7 25.Bh4 Kd6 26.b4 Ra8 27.Bf2 a5 28.Rxa5 Rxa5 29.bxa5 Kc5
30.Be1 Kb5 31.Bd2 Kc5 32.Bc1 Kb5 33.Bb2 Kc5 34.a4 Kb4 35.Bxd4 Bd6  1-0